<?xml version="1.0" encoding="UTF-8"?>
<collection xmlns="http://www.loc.gov/MARC21/slim">
<record>
  <controlfield tag="001">147162</controlfield>
  <controlfield tag="005">20260219090936.0</controlfield>
  <datafield tag="024" ind1="7" ind2=" ">
    <subfield code="2">doi</subfield>
    <subfield code="a">10.5565/rev/enrahonar.1575</subfield>
  </datafield>
  <datafield tag="024" ind1="8" ind2=" ">
    <subfield code="2">sideral</subfield>
    <subfield code="a">140994</subfield>
  </datafield>
  <datafield tag="037" ind1=" " ind2=" ">
    <subfield code="a">ART-2024-140994</subfield>
  </datafield>
  <datafield tag="041" ind1=" " ind2=" ">
    <subfield code="a">spa</subfield>
  </datafield>
  <datafield tag="100" ind1=" " ind2=" ">
    <subfield code="a">Jiménez González, Marcos</subfield>
    <subfield code="u">Universidad de Zaragoza</subfield>
  </datafield>
  <datafield tag="245" ind1=" " ind2=" ">
    <subfield code="a">Desconfianza estética y conflictos ético-políticos ante el reto de la inteligencia artificial confiable: una propuesta ilustrada con casos cinematográficos recientes (2019-2023)</subfield>
  </datafield>
  <datafield tag="260" ind1=" " ind2=" ">
    <subfield code="c">2024</subfield>
  </datafield>
  <datafield tag="506" ind1="0" ind2=" ">
    <subfield code="a">Access copy available to the general public</subfield>
    <subfield code="f">Unrestricted</subfield>
  </datafield>
  <datafield tag="520" ind1="3" ind2=" ">
    <subfield code="a">En 2019, el Grupo de Expertos sobre Inteligencia Artificial, impulsado por la Comisión Europea (CE), publicó Directrices éticas para una inteligencia artificial fiable. Este documento, junto con otros, pretende cimentar las bases europeas para una inteligencia artificial (IA) confiable. Es decir, una serie de condiciones indispensables, principios éticos y estrategias que señalan el camino para asegurar un proyecto europeo humanocéntrico, alineado con las necesidades y las expectativas de los seres humanos. En el presente ar- tículo se detecta que esta propuesta se encuentra ante dificultades relacionadas con la imagen esencialmente negativa de la IA, que surge del ámbito de la literatura (complejo de Frankenstein), influye en el imaginario colectivo y se representa actualmente en las artes audiovisuales. De acuerdo con ello, se analizan algunos casos recientes con el objetivo de establecer un diagnóstico y ofrecer posibles soluciones, cuestión que dificulta el camino ético y político que se pretende emprender en el espacio europeo y requiere de una educación estética profunda, de la que actualmente hay una carencia sistémica.</subfield>
  </datafield>
  <datafield tag="536" ind1=" " ind2=" ">
    <subfield code="9">info:eu-repo/grantAgreement/ES/DGA/H22-17D</subfield>
    <subfield code="9">info:eu-repo/grantAgreement/ES/MCIU/PID2022-139000OB-C22</subfield>
    <subfield code="9">info:eu-repo/grantAgreement/EUR/MICINN/TED2021-130322B-I00</subfield>
  </datafield>
  <datafield tag="540" ind1=" " ind2=" ">
    <subfield code="9">info:eu-repo/semantics/openAccess</subfield>
    <subfield code="a">by</subfield>
    <subfield code="u">https://creativecommons.org/licenses/by/4.0/deed.es</subfield>
  </datafield>
  <datafield tag="590" ind1=" " ind2=" ">
    <subfield code="a">0.2</subfield>
    <subfield code="b">2024</subfield>
  </datafield>
  <datafield tag="592" ind1=" " ind2=" ">
    <subfield code="a">0.106</subfield>
    <subfield code="b">2024</subfield>
  </datafield>
  <datafield tag="593" ind1=" " ind2=" ">
    <subfield code="a">Philosophy</subfield>
    <subfield code="c">2024</subfield>
    <subfield code="d">Q4</subfield>
  </datafield>
  <datafield tag="594" ind1=" " ind2=" ">
    <subfield code="a">0.5</subfield>
    <subfield code="b">2024</subfield>
  </datafield>
  <datafield tag="655" ind1=" " ind2="4">
    <subfield code="a">info:eu-repo/semantics/article</subfield>
    <subfield code="v">info:eu-repo/semantics/publishedVersion</subfield>
  </datafield>
  <datafield tag="700" ind1=" " ind2=" ">
    <subfield code="a">Terrones Rodríguez, Antonio Luis</subfield>
  </datafield>
  <datafield tag="710" ind1="2" ind2=" ">
    <subfield code="1">5012</subfield>
    <subfield code="2">270</subfield>
    <subfield code="a">Universidad de Zaragoza</subfield>
    <subfield code="b">Unidad Predepartam. Filosofía</subfield>
    <subfield code="c">Área Estética y Teoría Artes</subfield>
  </datafield>
  <datafield tag="773" ind1=" " ind2=" ">
    <subfield code="g">73 (2024), 131-151</subfield>
    <subfield code="p">Enrahonar (Bellaterra)</subfield>
    <subfield code="t">Enrahonar (Bellaterra)</subfield>
    <subfield code="x">0211-402X</subfield>
  </datafield>
  <datafield tag="856" ind1="4" ind2=" ">
    <subfield code="s">179165</subfield>
    <subfield code="u">http://zaguan.unizar.es/record/147162/files/texto_completo.pdf</subfield>
    <subfield code="y">Versión publicada</subfield>
  </datafield>
  <datafield tag="856" ind1="4" ind2=" ">
    <subfield code="s">1334937</subfield>
    <subfield code="u">http://zaguan.unizar.es/record/147162/files/texto_completo.jpg?subformat=icon</subfield>
    <subfield code="x">icon</subfield>
    <subfield code="y">Versión publicada</subfield>
  </datafield>
  <datafield tag="909" ind1="C" ind2="O">
    <subfield code="o">oai:zaguan.unizar.es:147162</subfield>
    <subfield code="p">articulos</subfield>
    <subfield code="p">driver</subfield>
  </datafield>
  <datafield tag="951" ind1=" " ind2=" ">
    <subfield code="a">2026-02-19-09:00:30</subfield>
  </datafield>
  <datafield tag="980" ind1=" " ind2=" ">
    <subfield code="a">ARTICLE</subfield>
  </datafield>
</record>
</collection>